000 01079nam a22003497i 4500
003 DO-SdBNP
005 20250610113429.0
007 ta
008 250610b2009 a|||| |||| 00| 0 spa d
020 _a9789945114133
040 _aDO-SdBNP
_bspa
_cBNPHU
_erda
041 _hspa
082 4 _a372.4
_bR426L
_222
110 _aRepública Dominicana.
_bSecretaría de Estado de Educación
_9607
245 1 0 _aLengua y Literatura 2 :
_beducación media ; 2do. grado, primer ciclo /
_cManuel García Cartagena
250 _aPrimera edición
260 _c2005.
264 _aSanto Domingo :
_bSantillana,
_c2009
300 _a279 páginas. :
_bilustraciones
_c28 cm
336 _ardacontent
_btexto
_2txt
337 _ardamedia
_bsin mediación
_2n
338 _ardacarrier
_bvolumen
_2nc
490 _aSerie Coral
500 _aLibro de texto.
590 _aInventariado, 2025/DG
650 4 _943315
_aLengua y literatura
650 4 _95023
_aLiteratura
_xEnseñanza
700 _980475
700 1 _aGarcía Cartagena, Manuel
_912067
910 _aDG
942 _2ddc
_cLBS1
999 _c59198
_d59198